The Least development countries report 2010.
| Corporate Author: | |
|---|---|
| Format: | Book |
| Published: |
New York:
Geneva,
2010.
|
| Subjects: |
| LEADER | 00500cam a2200157 7i4500 | ||
|---|---|---|---|
| 001 | 0000026248 | ||
| 005 | 20110429090000.0 | ||
| 020 | 0 | 0 | |a 9789211128130 |
| 090 | 0 | 0 | |a I 330.9 |b UNI |
| 110 | 2 | 0 | |a United Nations |
| 245 | 2 | 0 | |a The Least development countries report 2010. |
| 260 | 0 | 0 | |a New York: |b Geneva, |c 2010. |
| 300 | # | # | |a 258p. |
| 650 | 0 | 0 | |a Development countries -- |x Economic conditions |
| 650 | 0 | 0 | |a Development countries -- |x Social conditions |
| 999 | |a 0000028367 |b Book |c International |e Business Information Centre | ||


